000 00791nam a2200193Ia 4500
008 0000001988 mX a 0000000000spa00
090 _aPSP00 E76a
100 1 _aEspinosa de los Monteros, Santiago
245 1 0 _aAntonio Serna
_b: flores y prisioneros
_c/ Santiago Espinosa de los Monteros
300 _a1 plegable [4] p.
_c/ 28 cm.
500 _aInstituto Cultural Hispano Mexicano, México, Mayo 11, 1988 \ Con el patronazgo del maestro venezolano Jesús Rafael Soto (q.e.p.d.) \
600 0 0 _aSERNA, ANTONIO, 1936/
_xTRABAJOS PICTORICOS
650 1 4 _aARTE CONTEMPORANEO ESPAÑOL
650 1 4 _xCATALOGOS
650 1 4 _xEXPOSICIONES
650 1 4 _aPINTORES ESPAÑOLES
650 1 4 _aPINTURA ESPAÑOLA
999 _c6210
_d6210
260 _aMéxico : Instituto Cultural Hispano Mexicano
_c1988